00481 a2200169 450000100060000002000150000604000240002110000420004524000290008724500240011630000070014036200090014765000240015694200070018095201070018799900170029444981 a8560129022 cAnchieta - Aquarius aMoraes, Ana Carolina Carvalho Dias de10aUm balão na terralpor10aUm balão na terra a240 a2006 4aLiteratura infantil cBK 00104070a87.1b87.1d2023-11-21l0oLI 028.5 PEL BALp1443/AQUr2023-11-21 15:10:54w2023-11-21yBK c44981d44981